000 00534nam a2200193Ia 4500
003 GCL
008 140319s9999 xx 000 0 eng d
040 _aGCL /
_cGCL
082 0 4 _a616.075
_bI C
100 1 _aTIERNEY, LAWRENCE M.
245 1 0 _aCURRENT, MEDICAL DIAGNOSIS AND TREATMENT /
_cTIERNEY, LAWRENCE M.
700 1 _aMCPHEE, STEPHEN
700 1 _aPAPADAKIS, MAXINE A.
260 _a[S.N] :
_bLIBRAIRIE DU LIBAN ،
_c1994
300 _a1417 P
650 0 4 _aDIAGNOSIS
650 0 4 _aMEDICAL CORPORATIONS
942 _2ddc
_cBK
999 _c20051
_d20051